000 00406nam a2200157Ia 4500
008 221030s9999 xx 000 0 und d
020 _a8131727591
041 _aEnglish
100 _aM. Subramanian
245 0 _aNetwork Management : Principles & Practice
_cby M. Subramanian
250 _a2nd
260 _bPearson Edcuation
_aNew Delhi
_c2012
300 _a695
650 _aBE Computer
942 _cBK
999 _c15417
_d15417